| 000 | 00956cam a22003133a 4500 | ||
|---|---|---|---|
| 001 | 46 | ||
| 003 | PGUSA | ||
| 005 | 20140828082942.0 | ||
| 008 | 040811s2004||||xxu|||||s|||||000 1 eng d | ||
| 040 |
_aPGUSA _beng |
||
| 042 | _adc | ||
| 050 | 4 | _aPR | |
| 100 | 1 |
_aDickens, Charles, _d1812-1870 |
|
| 245 | 1 | 2 |
_aA Christmas Carol in Prose; Being a Ghost Story of Christmas _h[electronic resource] / _cCharles Dickens |
| 260 |
_bProject Gutenberg, _c2004 |
||
| 506 | _aPublic domain in the USA. | ||
| 516 | _aElectronic text | ||
| 653 | _aChristmas stories | ||
| 653 | _aSick children -- Fiction | ||
| 653 | _aGhost stories | ||
| 653 | _aLondon (England) -- Fiction | ||
| 653 | _aMisers -- Fiction | ||
| 653 | _aScrooge, Ebenezer (Fictitious character) -- Fiction | ||
| 653 | _aPoor families -- Fiction | ||
| 700 | 1 |
_aLeech, John, _d1817-1864 |
|
| 830 | 0 |
_aProject Gutenberg _v46 |
|
| 856 | 4 | 0 | _uhttp://www.gutenberg.org/ebooks/46 |
| 942 | _cEB | ||
| 999 |
_c229417 _d229417 |
||